000
00342nam a2200145Ia 4500
008
090124s9999 xx 000 0 und d
082
_b
304012
245
_a
कांता
250
_a
1
260
_b
केळकर राजा
_c
2000
300
_a
183
630
_a
कांता
730
_a
कांता
942
_c
BOOK
999
_c
193649
_d
193649